000 00587nam a22001937a 4500
003 OSt
005 20151103000159.0
008 151102b xxu||||| |||| 00| 0 eng d
020 _a9780443069284
040 _cDNLM
082 _aWE100 M97m 2011
100 _aedited by Hardy, Maryann; Snaith, Beverly
_95944
245 _aMusculoskeletal Trauma:
_ba guide to assessment and diagnosis
260 _aEdinburgh;
_bChurchill,
_c2011
300 _axi,347p;
_bcol.ill:
_c23cm
504 _aReferences, glossary, & index included
650 _aMusculoskeletal system
_9161
942 _2z
_cO_SHELF
999 _c2385
_d2385